000
00266nam a2200097Ia 4500
008
240331s9999 xx 000 0 und d
082
_b
ASS
100
_a
Assaad, Marie
245
0
_a
Empowering the next generation :
_b
Girls of the Maqattam garbage settlement
942
_c
L
999
_c
1897
_d
1897